[Event "10th Essent op"]
[Site "Hoogeveen NED"]
[Date "2006.10.27"]
[Round "8.31"]
[White "Kleijn, Christov"]
[Black "Schuurman, Petra"]
[Result "1/2-1/2"]
[WhiteElo "2108"]
[BlackElo "2239"]
[EventDate "2006.10.20"]
[PlyCount "119"]

1.e4 c5 2.Nf3 e6 3.d4 cxd4 4.Nxd4 Nc6 5.Nb5 d6 6.c4 Nf6 7.N1c3 a6 8.Na3 
Be7 9.Be2 O-O 10.O-O b6 11.f4 Bb7 12.Be3 d5 13.exd5 exd5 14.Nxd5 Nxd5 15.
cxd5 Nb4 16.Nc4 Nxd5 17.Bd4 Rc8 18.Qb3 Bc5 19.Rad1 Qe7 20.Ne5 Bxd4+ 21.
Rxd4 Qc5 22.Qc4 Nxf4 23.Rxf4 Qxe5 24.Qd3 Rfe8 25.Bf1 g6 26.Qb3 Re7 27.Qxb6
Kg7 28.Rc4 Rxc4 29.Rxc4 Bd5 30.Rc2 Bxa2 31.Qxa6 Bb3 32.Rf2 Bd5 33.b4 Qd4 
34.Qd3 Qxd3 35.Bxd3 Re3 36.Rd2 Bb7 37.Kf2 Re5 38.Rc2 Kf6 39.g3 Re6 40.Rc7 
Re7 41.Rxe7 Kxe7 42.Ke3 Kd6 43.Kd4 f6 44.b5 f5 45.h4 Bf3 46.Ke3 Bd1 47.Kf4
h6 48.Bc4 Kc5 49.Bf1 Bc2 50.Be2 Be4 51.g4 Kd4 52.gxf5 Bxf5 53.b6 Bc8 54.
Bg4 Bb7 55.Bf3 g5+ 56.Kg3 gxh4+ 57.Kxh4 Bxf3 58.b7 Bxb7 59.Kh5 Be4 60.Kxh6
1/2-1/2

[Event "10th Essent op"]
[Site "Hoogeveen NED"]
[Date "2006.10.27"]
[Round "8.33"]
[White "Cako, Laszlo"]
[Black "Goudriaan, Etienne"]
[Result "1-0"]
[WhiteElo "2174"]
[BlackElo "2065"]
[EventDate "2006.10.20"]
[PlyCount "51"]

1.e4 c5 2.Nf3 d6 3.d4 cxd4 4.Nxd4 Nf6 5.Nc3 a6 6.Bc4 e6 7.Bb3 Be7 8.O-O b5
9.Re1 b4 10.Na4 e5 11.Nf5 Bxf5 12.exf5 Nc6 13.Be3 Rb8 14.Qd3 Qa5 15.Qc4 
Nd8 16.Rad1 O-O 17.Bg5 Nb7 18.Bxf6 Bxf6 19.Rd5 Rfc8 20.Rxa5 Rxc4 21.Rxa6 
Rd4 22.Rb6 e4 23.c3 bxc3 24.bxc3 Rd2 25.Rxe4 h6 26.g3 1-0

[Event "10th Essent op"]
[Site "Hoogeveen NED"]
[Date "2006.10.27"]
[Round "8.34"]
[White "Van der Veen, Jan"]
[Black "Weeks, Manuel"]
[Result "1-0"]
[WhiteElo "2142"]
[BlackElo "2247"]
[EventDate "2006.10.20"]
[PlyCount "75"]

1.e4 e5 2.Nf3 Nc6 3.d4 exd4 4.Nxd4 Nf6 5.Nxc6 bxc6 6.e5 Qe7 7.Qe2 Nd5 8.c4
Ba6 9.b3 g5 10.Ba3 d6 11.Qe4 Bg7 12.Bb2 f5 13.Qxf5 Rf8 14.Qxh7 Qf7 15.f3 
Nf4 16.Nd2 O-O-O 17.O-O-O d5 18.Qc2 d4 19.g3 Ng6 20.Bh3+ Kb8 21.e6 Qf6 22.
Ne4 Qxf3 23.Nc5 Qe3+ 24.Qd2 Qxd2+ 25.Rxd2 Bc8 26.Kb1 Rh8 27.Bf5 Ne7 28.Bg4
Be5 29.Rhd1 Rh6 30.Bxd4 Bxd4 31.Rxd4 Rxd4 32.Rxd4 Rxh2 33.Kc1 Rxa2 34.Rd7 
Ra1+ 35.Kb2 Ra5 36.b4 Rxc5 37.bxc5 Ng6 38.Rd8 1-0

[Event "10th Essent op"]
[Site "Hoogeveen NED"]
[Date "2006.10.27"]
[Round "8.35"]
[White "Otte, Marijn Willem"]
[Black "Hendriks, Richard V"]
[Result "0-1"]
[WhiteElo "2162"]
[BlackElo "2106"]
[EventDate "2006.10.20"]
[PlyCount "56"]

1.e4 e5 2.f4 Bc5 3.Nf3 d6 4.Nc3 Nc6 5.Bc4 Nf6 6.d3 Bg4 7.Bb5 exf4 8.h3 
Bxf3 9.Qxf3 O-O 10.Bxc6 bxc6 11.Bxf4 Qb8 12.Rb1 Re8 13.Bg5 Re6 14.Ne2 d5 
15.e5 Bb4+ 16.c3 Bxc3+ 17.bxc3 Qxb1+ 18.Bc1 Rxe5 19.O-O Qc2 20.Nd4 Qxc3 
21.Nf5 Re1 22.Bg5 Rxf1+ 23.Kxf1 Re8 24.Kg1 Qe1+ 25.Kh2 Qe5+ 26.Kh1 Qe2 27.
Qf4 Qe1+ 28.Kh2 Qe5 0-1

[Event "10th Essent op"]
[Site "Hoogeveen NED"]
[Date "2006.10.27"]
[Round "8.36"]
[White "Wielenga, Wiebe"]
[Black "Rooda, Kai P"]
[Result "1-0"]
[WhiteElo "2154"]
[BlackElo "2148"]
[EventDate "2006.10.20"]
[PlyCount "123"]

1.e4 e5 2.Nf3 Nc6 3.Bb5 a6 4.Ba4 Nf6 5.O-O Be7 6.Re1 b5 7.Bb3 d6 8.c3 O-O 
9.h3 Na5 10.Bc2 c5 11.d4 Qc7 12.Nbd2 cxd4 13.cxd4 Rd8 14.d5 Bd7 15.Rb1 
Rdc8 16.Bd3 b4 17.Nb3 Ba4 18.Be3 Qd7 19.Nfd2 Bb5 20.Bc2 Bd8 21.Rc1 Nc4 22.
Nxc4 Rxc4 23.Nd2 Rc7 24.Bb1 Rxc1 25.Qxc1 Rc8 26.Qd1 Qb7 27.Qb3 a5 28.a3 
bxa3 29.Qxa3 Qa6 30.Kh2 h6 31.f4 Nd7 32.Nf3 Bf6 33.Bd2 Rc4 34.Bd3 Rc5 35.
Bxb5 Qxb5 36.f5 Be7 37.b4 Rc4 38.bxa5 Nc5 39.Ra1 Ra4 40.Qc1 Nxe4 41.Qc6 
Nxd2 42.Qxb5 Nxf3+ 43.gxf3 Rxa1 44.Qe8+ Bf8 45.Qd8 h5 46.h4 f6 47.Qc7 Ra4 
48.Kg3 Ra3 49.Kf2 Ra4 50.Ke3 Rxh4 51.Qc6 g6 52.a6 Bh6+ 53.Kf2 Rh2+ 54.Kg1 
Ra2 55.Qe8+ Bf8 56.fxg6 Kg7 57.Qf7+ Kh6 58.Qxf8+ Kxg6 59.Qxd6 Kg5 60.Qb6 
f5 61.Qe3+ Kh4 62.Qf2+ 1-0

[Event "10th Essent op"]
[Site "Hoogeveen NED"]
[Date "2006.10.27"]
[Round "8.37"]
[White "Van Geffen, Ben"]
[Black "Galje, Hans"]
[Result "1-0"]
[WhiteElo "2132"]
[BlackElo "2110"]
[EventDate "2006.10.20"]
[PlyCount "93"]

1.e4 e6 2.d4 d5 3.Nc3 Bb4 4.e5 c5 5.Bd2 Ne7 6.Nb5 Bxd2+ 7.Qxd2 O-O 8.dxc5 
Nd7 9.Qc3 a6 10.Nd6 Qc7 11.f4 f6 12.Nf3 fxe5 13.fxe5 b6 14.cxb6 Qxb6 15.
O-O-O Ng6 16.Qd4 Qa5 17.a3 Rb8 18.Bd3 Nf4 19.Ng5 g6 20.Rhf1 Nxd3+ 21.cxd3 
Rxf1 22.Rxf1 Qc5+ 23.Qxc5 Nxc5 24.Kc2 Bd7 25.b4 Ba4+ 26.Kc3 Nd7 27.Kd4 Nf8
28.Rc1 Bd7 29.Rc7 h6 30.Nf3 a5 31.Kc5 axb4 32.axb4 Ra8 33.b5 Ra2 34.b6 
Rc2+ 35.Kd4 Rb2 36.b7 g5 37.Rc8 Rxb7 38.Rxf8+ Kxf8 39.Nxb7 Ke7 40.Kc5 Be8 
41.Kb6 Bg6 42.Nc5 Bh5 43.Nd4 Bf7 44.Kc7 Bg6 45.Nc6+ Kf7 46.Kd7 Bf5 47.Nd8+
1-0

[Event "10th Essent op"]
[Site "Hoogeveen NED"]
[Date "2006.10.27"]
[Round "8.38"]
[White "Malinarski, Yehuda"]
[Black "Hendriks, Theo"]
[Result "1/2-1/2"]
[WhiteElo "2126"]
[BlackElo "2090"]
[EventDate "2006.10.20"]
[PlyCount "48"]

1.e4 c5 2.Nf3 Nc6 3.Bb5 d6 4.Bxc6+ bxc6 5.O-O Bg4 6.c3 e5 7.h3 Bh5 8.d3 
Be7 9.Be3 Nf6 10.Nbd2 O-O 11.Qa4 Qc7 12.d4 cxd4 13.cxd4 Rfb8 14.Qc2 exd4 
15.Nxd4 c5 16.f4 Qb7 17.Nf5 Bf8 18.g4 Bg6 19.Ng3 Bxe4 20.Ndxe4 Nxe4 21.
Qxe4 Qxe4 22.Nxe4 Re8 23.Bxc5 Rxe4 24.Ba3 d5 1/2-1/2

[Event "10th Essent op"]
[Site "Hoogeveen NED"]
[Date "2006.10.27"]
[Round "8.40"]
[White "Ebels, Theo"]
[Black "Friesen, Boris"]
[Result "0-1"]
[WhiteElo "2101"]
[BlackElo "2154"]
[EventDate "2006.10.20"]
[PlyCount "158"]

1.d4 Nf6 2.c4 g6 3.Nc3 d5 4.Bg5 Ne4 5.Bh4 Nxc3 6.bxc3 dxc4 7.Qa4+ Nd7 8.
Nf3 Bg7 9.e3 O-O 10.a3 Nf6 11.Bxc4 Qd6 12.Qb3 Ne4 13.O-O b6 14.Bd5 Be6 15.
Bxe6 fxe6 16.Qc2 Nf6 17.Bg3 Qd5 18.c4 Qf5 19.Qa4 c5 20.Rfe1 Ne4 21.Qb5 
Nxg3 22.fxg3 cxd4 23.Qxf5 exf5 24.exd4 Bf6 25.Rac1 Rac8 26.Kf2 Rfd8 27.Ke3
Rc7 28.a4 Rcd7 29.d5 Rc7 30.Kd3 Kf7 31.Nd4 Bxd4 32.Kxd4 Rd6 33.Rc2 Rc5 34.
Rce2 Rd7 35.Re6 Rdc7 36.Rc1 Ra5 37.Ra1 Rac5 38.Rc1 Rxd5+ 39.Kxd5 Rc5+ 40.
Kd4 Kxe6 41.Re1+ Kd6 42.Re2 Ra5 43.Ra2 Re5 44.Rd2 Re1 45.Kc3+ Kc7 46.Kb4 
Re5 47.Kc3 Re3+ 48.Kb4 Re5 49.Kc3 a5 50.Kd3 Re6 51.Rb2 Rc6 52.Re2 Kd6 53.
Kc3 e5 54.Rd2+ Kc7 55.Rd5 Re6 56.Rd2 e4 57.Re2 Rd6 58.g4 Rd3+ 59.Kc2 Kd6 
60.gxf5 gxf5 61.g4 Ke5 62.gxf5 Kxf5 63.Rf2+ Rf3 64.Rd2 Rh3 65.c5 bxc5 66.
Rd5+ Kg4 67.Rxc5 Rxh2+ 68.Kd1 Rh5 69.Rb5 Rf5 70.Ke2 Kf4 71.Rb7 h5 72.Rh7 
Rg5 73.Rf7+ Kg3 74.Ke3 Rg4 75.Rf5 h4 76.Rxa5 h3 77.Rh5 h2 78.a5 Rh4 79.
Rg5+ Kh3 0-1

[Event "10th Essent op"]
[Site "Hoogeveen NED"]
[Date "2006.10.27"]
[Round "8.42"]
[White "Kulago, Alexander"]
[Black "Ten Hagen, Yorick"]
[Result "1-0"]
[WhiteElo "2114"]
[BlackElo "2077"]
[EventDate "2006.10.20"]
[PlyCount "51"]

1.Nf3 Nf6 2.c4 g6 3.g3 Bg7 4.Bg2 d6 5.d4 Nbd7 6.Nc3 O-O 7.O-O e5 8.e4 a6 
9.h3 b5 10.dxe5 dxe5 11.cxb5 axb5 12.Bg5 Rb8 13.Nd5 h6 14.Bxf6 Nxf6 15.
Nxe5 Nxd5 16.Nc6 Qf6 17.Nxb8 Nb6 18.Qc2 Qxb2 19.Qxc7 Bd4 20.Rad1 Na8 21.
Qa5 Bb7 22.Nd7 Rc8 23.e5 Bxg2 24.Kxg2 Nc7 25.Rc1 Bxf2 26.Qc3 1-0

[Event "10th Essent op"]
[Site "Hoogeveen NED"]
[Date "2006.10.28"]
[Round "9.1"]
[White "Postny, Evgeny"]
[Black "Cheparinov, Ivan"]
[Result "1/2-1/2"]
[WhiteElo "2609"]
[BlackElo "2632"]
[EventDate "2006.10.20"]
[PlyCount "23"]

1.d4 d5 2.c4 c6 3.e3 Nf6 4.Nf3 Bf5 5.cxd5 cxd5 6.Qb3 Qc7 7.Nc3 e6 8.Bd2 
Nc6 9.Rc1 Be7 10.Be2 Nd7 11.O-O O-O 12.a3 1/2-1/2

[Event "10th Essent op"]
[Site "Hoogeveen NED"]
[Date "2006.10.28"]
[Round "9.2"]
[White "Werle, Jan"]
[Black "l`Ami, Erwin"]
[Result "1-0"]
[WhiteElo "2551"]
[BlackElo "2593"]
[EventDate "2006.10.20"]
[PlyCount "119"]

1.Nf3 d5 2.d4 Nf6 3.c4 c6 4.e3 Bg4 5.Nc3 e6 6.h3 Bh5 7.g4 Bg6 8.Ne5 Nfd7 
9.Nxg6 hxg6 10.Qb3 Qc7 11.Bd2 Nb6 12.c5 N6d7 13.Bg2 f5 14.e4 Bxc5 15.exd5 
Bxd4 16.dxc6 Nxc6 17.Qxe6+ Kf8 18.O-O-O Nde5 19.Kb1 Re8 20.Qb3 Qb6 21.Nb5 
Bc5 22.f4 a6 23.fxe5 Qxb5 24.Qxb5 axb5 25.Bf4 Nd8 26.Bg3 Ke7 27.Rd5 Ne6 
28.b4 f4 29.Be1 Be3 30.Rxb5 b6 31.Rd5 Rc8 32.Bd2 Rhd8 33.Rxd8 Rxd8 34.Bc3 
Nd4 35.Rd1 Ke6 36.Kb2 b5 37.Bf1 Kxe5 38.Bxb5 f3 39.a4 Ke4 40.Bd3+ Kf4 41.
Bf1 Nc6 42.Rxd8 Nxd8 43.a5 Kg3 44.b5 Kf2 45.Bc4 Kg1 46.a6 f2 47.Ba5 Nf7 
48.b6 Ne5 49.Be2 Nc6 50.Ka3 f1=Q 51.Bxf1 Kxf1 52.Ka4 Kg2 53.Kb5 Nd4+ 54.
Kc4 Nc6 55.Kd5 Nxa5 56.a7 Bxb6 57.a8=Q Kxh3 58.Qa6 Bd8 59.Qxg6 Bf6 60.g5 
1-0

[Event "10th Essent op"]
[Site "Hoogeveen NED"]
[Date "2006.10.28"]
[Round "9.4"]
[White "Goloshchapov, Alexander"]
[Black "Dambacher, Martijn"]
[Result "1-0"]
[WhiteElo "2552"]
[BlackElo "2429"]
[EventDate "2006.10.20"]
[PlyCount "63"]

1.e4 c5 2.Nf3 e6 3.d4 cxd4 4.Nxd4 Nf6 5.Nc3 d6 6.g4 h6 7.h3 Nc6 8.Be3 Bd7 
9.Qd2 a6 10.O-O-O Qc7 11.Kb1 Na5 12.f4 b5 13.e5 b4 14.Ncb5 axb5 15.exf6 
Nc4 16.Bxc4 Qxc4 17.b3 Qc3 18.Qe2 gxf6 19.Nf5 Qc6 20.Bd4 Rg8 21.Bxf6 Qa6 
22.Rd3 Rg6 23.Bb2 Kd8 24.Nxd6 Bxd6 25.Qd2 e5 26.Rd1 Kc7 27.fxe5 Qxa2+ 28.
Kc1 Qxb2+ 29.Kxb2 Bxe5+ 30.Rd4 Rga6 31.Qxb4 Ra2+ 32.Kc1 1-0

[Event "10th Essent op"]
[Site "Hoogeveen NED"]
[Date "2006.10.28"]
[Round "9.5"]
[White "Smeets, Jan"]
[Black "Khairullin, Ildar"]
[Result "1/2-1/2"]
[WhiteElo "2525"]
[BlackElo "2543"]
[EventDate "2006.10.20"]
[PlyCount "208"]

1.e4 c5 2.Nf3 Nc6 3.d4 cxd4 4.Nxd4 Nf6 5.Nc3 e5 6.Ndb5 d6 7.Bg5 a6 8.Na3 
b5 9.Nd5 Be7 10.Bxf6 Bxf6 11.c3 O-O 12.Nc2 Bg5 13.a4 bxa4 14.Rxa4 a5 15.
Bc4 Bd7 16.O-O Ne7 17.Ra3 Rc8 18.Nxe7+ Qxe7 19.Qd3 Rc5 20.Rd1 Rb8 21.b4 
axb4 22.Nxb4 Rbc8 23.Ba6 Ra8 24.Qxd6 Qxd6 25.Rxd6 Be6 26.Rd1 Be7 27.Rda1 
g6 28.Kf1 Rc7 29.Bd3 Rac8 30.Ra7 Bg5 31.Rxc7 Rxc7 32.Ra3 Bc1 33.Ra8+ Kg7 
34.c4 Bxc4 35.Bxc4 Rxc4 36.Nd3 Bd2 37.Ra2 Bc3 38.Rc2 f6 39.f3 Rc7 40.Ke2 
Ba5 41.Rxc7+ Bxc7 42.Nb4 Kf7 43.Nd5 Bd8 44.Kd3 Ke6 45.Kc4 Kd6 46.Kb5 h5 
47.Ne3 Be7 48.Nc4+ Kc7 49.Nb6 Bd8 50.Na4 Be7 51.Nb2 Kd6 52.Kb6 Bd8+ 53.Kb5
Be7 54.Nd3 Bd8 55.Nc5 Be7 56.Nb7+ Kc7 57.Na5 Bf8 58.Kc4 Kb6 59.Nb3 Kc6 60.
Nc1 Ba3 61.Ne2 Bd6 62.g4 h4 63.h3 Ba3 64.Nc3 Be7 65.Nd5 Bd8 66.Nb4+ Kd6 
67.Kb5 Be7 68.Nd5 Bd8 69.Ne3 Be7 70.Ng2 f5 71.Ne3 Bg5 72.Nc4+ Ke6 73.Kc6 
Be7 74.Ne3 fxe4 75.fxe4 Bg5 76.Nd5 Bd8 77.Nb4 Be7 78.Nd3 Ba3 79.Ne1 Be7 
80.Nf3 Bf6 81.Kc7 Be7 82.g5 Bd6+ 83.Kd8 Bc5 84.Kc8 Be7 85.Kc7 Bd6+ 86.Kc6 
Be7 87.Nxh4 Bxg5 88.Nxg6 Kf6 89.Nf8 Bh6 90.Nd7+ Kg5 91.Nxe5 Kh4 92.Nd7 
Kxh3 93.e5 Kg4 94.e6 Bg5 95.Kd5 Kf5 96.Ne5 Be7 97.Nd7 Kg6 98.Ke5 Ba3 99.
Kd5 Be7 100.Nb6 Kf5 101.Nc4 Kf6 102.Ne3 Ba3 103.Ng4+ Ke7 104.Ne5 Kf6 
1/2-1/2

[Event "10th Essent op"]
[Site "Hoogeveen NED"]
[Date "2006.10.28"]
[Round "9.6"]
[White "Brodsky, Mikhail"]
[Black "Ikonnikov, Vyacheslav"]
[Result "1-0"]
[WhiteElo "2566"]
[BlackElo "2587"]
[EventDate "2006.10.20"]
[PlyCount "93"]

1.d4 f5 2.Nc3 Nf6 3.Bg5 d5 4.Bxf6 exf6 5.e3 Be6 6.Qf3 Nc6 7.Bb5 Qd6 8.Nge2
a6 9.Ba4 O-O-O 10.Nf4 Na5 11.h3 Kb8 12.O-O-O Bf7 13.g4 g5 14.Nfe2 fxg4 15.
hxg4 Bg6 16.Ng3 Qe6 17.Bb3 Nxb3+ 18.axb3 Bb4 19.Nce2 a5 20.Kb1 Qc6 21.Nf5 
a4 22.Rd3 Rhe8 23.bxa4 Qxa4 24.Nc3 Qa5 25.Na2 Bf8 26.Rb3 Re6 27.Nc3 Bb4 
28.Kc1 Rc6 29.Kd2 Rc4 30.Rb1 Qa6 31.Kc1 Qe6 32.Ng3 Rd6 33.Ra1 Rdc6 34.Kd2 
Qd7 35.Ra2 Qe6 36.Qd1 Ra6 37.Rxa6 Qxa6 38.Qf3 Qe6 39.Kd1 Bxc3 40.Rxc3 Qc6 
41.Kd2 Bxc2 42.Kxc2 Qa4+ 43.Kd2 Qb4 44.Qd1 Qxb2+ 45.Qc2 Qb4 46.Qb3 Qa5 47.
Qa3 1-0

[Event "10th Essent op"]
[Site "Hoogeveen NED"]
[Date "2006.10.28"]
[Round "9.7"]
[White "Dvoirys, Semen I"]
[Black "Brandenburg, Daan"]
[Result "1/2-1/2"]
[WhiteElo "2553"]
[BlackElo "2421"]
[EventDate "2006.10.20"]
[PlyCount "67"]

1.e4 c5 2.Nf3 d6 3.d4 cxd4 4.Nxd4 Nf6 5.Nc3 Nc6 6.Bg5 e6 7.Qd2 a6 8.O-O-O 
Bd7 9.f4 h6 10.Bxf6 Qxf6 11.Nf3 Qd8 12.f5 Qa5 13.fxe6 fxe6 14.Bc4 O-O-O 
15.Bb3 Be7 16.Kb1 Kb8 17.Qf4 g5 18.Qg3 Bc8 19.Ne2 Rhf8 20.Rd3 Ne5 21.Rc3 
Nxf3 22.gxf3 Qe5 23.Rd3 Bf6 24.c3 h5 25.Nd4 d5 26.exd5 exd5 27.Qg2 Qf4 28.
Rhd1 Be5 29.R1d2 g4 30.fxg4 Qf1+ 31.Kc2 Qxg2 32.Rxg2 hxg4 33.Re3 Bxd4 34.
cxd4 1/2-1/2

[Event "10th Essent op"]
[Site "Hoogeveen NED"]
[Date "2006.10.28"]
[Round "9.8"]
[White "Peng, Zhaoqin"]
[Black "Rogers, Ian"]
[Result "0-1"]
[WhiteElo "2437"]
[BlackElo "2526"]
[EventDate "2006.10.20"]
[PlyCount "80"]

1.d4 d5 2.c4 e6 3.Nf3 Nf6 4.Nc3 Nbd7 5.cxd5 exd5 6.Bg5 Bb4 7.e3 c5 8.Bd3 
Qa5 9.Qc2 c4 10.Bf5 O-O 11.O-O g6 12.Bxd7 Nxd7 13.e4 Bxc3 14.bxc3 f6 15.
Bh6 Re8 16.Rfe1 Nf8 17.exd5 Bf5 18.Qb2 Qxd5 19.Bxf8 Rxe1+ 20.Rxe1 Rxf8 21.
Nd2 Bd3 22.Qa3 a6 23.Qb4 Kg7 24.a4 Rf7 25.h3 b5 26.a5 Qd7 27.Nf3 Qc8 28.
Qd6 Qf8 29.Qxa6 b4 30.cxb4 Qxb4 31.d5 Qc5 32.d6 Rd7 33.Re8 Qxd6 34.Qc8 Kh6
35.Rg8 Be2 36.a6 Bxf3 37.gxf3 Qd5 38.Qf8+ Kh5 39.Qe8 Qg5+ 40.Kh2 Rd1 0-1

[Event "10th Essent op"]
[Site "Hoogeveen NED"]
[Date "2006.10.28"]
[Round "9.10"]
[White "Willemze, Jeroen"]
[Black "Ernst, Sipke"]
[Result "0-1"]
[WhiteElo "2423"]
[BlackElo "2512"]
[EventDate "2006.10.20"]
[PlyCount "54"]

1.e4 e6 2.d4 d5 3.e5 c5 4.c3 Nc6 5.Nf3 Bd7 6.Be2 Nge7 7.Na3 cxd4 8.cxd4 
Nf5 9.Nc2 Qb6 10.O-O Na5 11.b3 Bb5 12.Bxb5+ Qxb5 13.Ne3 Nxe3 14.Bxe3 Be7 
15.Ne1 O-O 16.Nd3 Rae8 17.Nf4 Qd7 18.Qg4 f5 19.exf6 Bxf6 20.Rad1 Nc6 21.
Rfe1 Qf7 22.Nh5 Kh8 23.f3 Bd8 24.Nf4 Ba5 25.Re2 Bb6 26.Nd3 e5 27.dxe5 Nxe5
0-1

[Event "10th Essent op"]
[Site "Hoogeveen NED"]
[Date "2006.10.28"]
[Round "9.11"]
[White "Willemze, Thomas"]
[Black "Hort, Vlastimil"]
[Result "1/2-1/2"]
[WhiteElo "2384"]
[BlackElo "2501"]
[EventDate "2006.10.20"]
[PlyCount "77"]

1.e4 c5 2.Nf3 d6 3.c3 Nf6 4.Be2 Nbd7 5.d3 b6 6.O-O Bb7 7.Re1 e5 8.Nbd2 Be7
9.Nf1 O-O 10.Ng3 d5 11.Bf1 d4 12.c4 Qc7 13.h3 Rae8 14.Nh2 Kh8 15.Be2 Ng8 
16.Rf1 g6 17.Bg4 Bh4 18.Nf3 Bxg3 19.fxg3 Ndf6 20.Nh4 Nxg4 21.Qxg4 Bc6 22.
a4 Qd7 23.Qd1 f6 24.b3 Kg7 25.g4 Rf7 26.Ra2 Ref8 27.Qe1 Qd6 28.Ba3 a5 29.
Bc1 Bd7 30.Qg3 Ne7 31.Raf2 h6 32.Rf3 Qb8 33.Nf5+ Nxf5 34.gxf5 g5 35.h4 Rg8
36.hxg5 hxg5 37.Qh2 Rh8 38.Rh3 Rxh3 39.Qxh3 1/2-1/2

[Event "10th Essent op"]
[Site "Hoogeveen NED"]
[Date "2006.10.28"]
[Round "9.12"]
[White "Piskov, Yury"]
[Black "Ris, Robert"]
[Result "1/2-1/2"]
[WhiteElo "2452"]
[BlackElo "2367"]
[EventDate "2006.10.20"]
[PlyCount "110"]

1.d4 d5 2.e3 Nf6 3.Bd3 c6 4.b3 Bg4 5.f3 Bh5 6.Bb2 Nbd7 7.Nd2 Qc7 8.Ne2 Bg6
9.f4 e6 10.Nf3 Bb4+ 11.c3 Bd6 12.O-O Bxd3 13.Qxd3 Ne4 14.c4 O-O 15.Rac1 
Qa5 16.a3 Rac8 17.b4 Qa4 18.c5 Be7 19.Ra1 b6 20.Rfb1 Rb8 21.Bc3 Bf6 22.Nd2
bxc5 23.Nxe4 dxe4 24.Qxe4 cxd4 25.Bxd4 Rfc8 26.Nc3 Qa6 27.Rd1 c5 28.Be5 
Bxe5 29.fxe5 Nb6 30.Qh4 Nd5 31.Nxd5 exd5 32.Rxd5 cxb4 33.Rad1 Qb6 34.axb4 
Qxe3+ 35.Kh1 Re8 36.h3 h6 37.Re1 Qc3 38.Re4 Qb3 39.Rd7 a6 40.Qf4 Rbd8 41.
Ra7 Qe6 42.Qf1 Ra8 43.Rxa8 Rxa8 44.Qd3 Re8 45.Re1 Qc6 46.Re3 Qb5 47.Qd4 
Re6 48.Kh2 g6 49.Qd8+ Kg7 50.Qd4 h5 51.Re1 Qe8 52.Ra1 Qe7 53.Ra5 Qg5 54.h4
Qf5 55.Rd5 Qf1 1/2-1/2

[Event "10th Essent op"]
[Site "Hoogeveen NED"]
[Date "2006.10.28"]
[Round "9.14"]
[White "Smerdon, David"]
[Black "Vedder, Richard"]
[Result "1/2-1/2"]
[WhiteElo "2473"]
[BlackElo "2248"]
[EventDate "2006.10.20"]
[PlyCount "49"]

1.e4 c5 2.c3 e6 3.d4 d5 4.exd5 Qxd5 5.Nf3 Nf6 6.Bd3 Nc6 7.O-O Be7 8.Be3 
cxd4 9.cxd4 O-O 10.Nc3 Qa5 11.a3 a6 12.Qe2 Rd8 13.Rfd1 Bd7 14.b4 Qh5 15.
Rac1 Be8 16.h3 Nd5 17.Nxd5 Qxd5 18.Qc2 Qh5 19.Be2 Qg6 20.Bd3 Qh5 21.Be4 h6
22.Qa2 a5 23.Qb3 axb4 24.axb4 Qb5 25.Rb1 1/2-1/2

[Event "10th Essent op"]
[Site "Hoogeveen NED"]
[Date "2006.10.28"]
[Round "9.15"]
[White "Slingerland, Fred"]
[Black "Hendriks, Willy"]
[Result "0-1"]
[WhiteElo "2331"]
[BlackElo "2438"]
[EventDate "2006.10.20"]
[PlyCount "96"]

1.e4 d6 2.d4 Nf6 3.Nc3 g6 4.f4 Bg7 5.Nf3 O-O 6.a3 b6 7.Bd3 Bb7 8.O-O c5 9.
e5 Nd5 10.Nxd5 Bxd5 11.dxc5 dxe5 12.Nxe5 bxc5 13.Qe2 Nc6 14.Nxc6 Bxc6 15.
c3 e6 16.Be3 Qa5 17.Qf2 Rfd8 18.Bc4 Bd5 19.Bxd5 Rxd5 20.c4 Rd4 21.b4 Qa4 
22.Rac1 Qxa3 23.Qf3 Rb8 24.Bxd4 Bxd4+ 25.Kh1 Qxf3 26.Rxf3 Rxb4 27.g3 a5 
28.Rc2 a4 29.Ra2 Bb2 30.Rf2 a3 31.Rc2 Kg7 32.Kg2 Kf6 33.Kf3 Rb3+ 34.Ke2 
Kf5 35.Rd2 h5 36.Rd7 f6 37.Rc7 Bd4 38.Ra7 Rb2+ 39.Rxb2 axb2 40.Rb7 Kg4 41.
Kd1 Kh3 42.Kc2 Kxh2 43.Rb3 Kg2 44.Rd3 e5 45.fxe5 fxe5 46.Rb3 g5 47.Kb1 e4 
48.Kc2 e3 0-1

[Event "10th Essent op"]
[Site "Hoogeveen NED"]
[Date "2006.10.28"]
[Round "9.16"]
[White "Berger, Steve"]
[Black "Wempe, Joost"]
[Result "1/2-1/2"]
[WhiteElo "2412"]
[BlackElo "2268"]
[EventDate "2006.10.20"]
[PlyCount "112"]

1.e4 e6 2.d4 d5 3.Nc3 Bb4 4.e5 c5 5.a3 Bxc3+ 6.bxc3 Ne7 7.Qg4 O-O 8.Bd3 f5
9.exf6 Rxf6 10.Bg5 Rf7 11.Qh5 g6 12.Qd1 Nbc6 13.Nf3 Qf8 14.O-O c4 15.Be2 
h6 16.Bc1 Kh7 17.Ne1 b5 18.g3 a5 19.Ng2 Nf5 20.Nf4 Rfa7 21.Bg4 b4 22.Bb2 
g5 23.Ng2 Qg7 24.f4 Nd6 25.fxg5 hxg5 26.axb4 axb4 27.Rxa7 Rxa7 28.cxb4 c3 
29.Bxc3 Ne4 30.Bf3 Nxc3 31.Qd3+ Kg8 32.Qxc3 Qxd4+ 33.Qxd4 Nxd4 34.Bg4 Rc7 
35.Ne3 Rc3 36.Re1 Kf7 37.Bd1 Ba6 38.h4 gxh4 39.gxh4 Nc6 40.Bh5+ Kf6 41.
Ng4+ Ke7 42.Rb1 Bb5 43.Nf2 Rxc2 44.Rb3 Rc4 45.Rh3 Rxb4 46.Bd1 Ba4 47.Bxa4 
Rxa4 48.h5 Ra8 49.Kh2 Ne5 50.Kg3 Kf6 51.Rh1 Ra3+ 52.Kh4 Ra4+ 53.Kg3 Nf7 
54.Rf1 Kg7 55.Ng4 Re4 56.Ra1 Nd6 1/2-1/2

[Event "10th Essent op"]
[Site "Hoogeveen NED"]
[Date "2006.10.28"]
[Round "9.17"]
[White "Shumiakina, Tatiana"]
[Black "Van Delft, Merijn"]
[Result "1/2-1/2"]
[WhiteElo "2363"]
[BlackElo "2404"]
[EventDate "2006.10.20"]
[PlyCount "103"]

1.d4 d5 2.c4 c6 3.Nf3 Nf6 4.e3 a6 5.Bd3 Bg4 6.Nbd2 e6 7.O-O Nbd7 8.b3 Bh5 
9.Bb2 Bg6 10.Bxg6 hxg6 11.Qc2 Be7 12.e4 dxe4 13.Nxe4 Nxe4 14.Qxe4 Nf6 15.
Qe2 Qa5 16.Ne5 Rd8 17.a3 O-O 18.Rad1 Nd7 19.f4 Qb6 20.Rf3 Nf6 21.Kh1 c5 
22.Rfd3 cxd4 23.Bxd4 Qc7 24.b4 a5 25.b5 Rc8 26.Qe3 Bc5 27.Bxc5 Qxc5 28.
Qxc5 Rxc5 29.Kg1 Re8 30.Rd4 g5 31.fxg5 Rxe5 32.gxf6 gxf6 33.Rd8 Kf8 34.
R1d7 Rc5 35.Rxe8+ Kxe8 36.Rxb7 Rxc4 37.Ra7 a4 38.b6 Rc1+ 39.Kf2 Rb1 40.b7 
Kd8 41.Ra8+ Kc7 42.Rxa4 Rxb7 43.g4 Kd6 44.h4 Ke5 45.Rb4 Rc7 46.Rb5+ Kf4 
47.Rb4+ Ke5 48.a4 f5 49.Rb5+ Kf4 50.Rb4+ Ke5 51.Rb5+ Kf4 52.Rb4+ 1/2-1/2

[Event "10th Essent op"]
[Site "Hoogeveen NED"]
[Date "2006.10.28"]
[Round "9.20"]
[White "Swinkels, Robin"]
[Black "Mamedjarova, Zeinab"]
[Result "1/2-1/2"]
[WhiteElo "2378"]
[BlackElo "2318"]
[EventDate "2006.10.20"]
[PlyCount "98"]

1.e4 c5 2.Nf3 Nc6 3.d4 cxd4 4.Nxd4 Nf6 5.Nc3 e5 6.Ndb5 d6 7.Bg5 a6 8.Na3 
b5 9.Nd5 Be7 10.Bxf6 Bxf6 11.c3 Ne7 12.Nxf6+ gxf6 13.Nc2 Bb7 14.Bd3 d5 15.
exd5 Qxd5 16.Ne3 Qe6 17.a4 Rd8 18.Qc2 e4 19.Be2 O-O 20.axb5 axb5 21.Bxb5 
f5 22.g3 Ng6 23.Be2 f4 24.gxf4 Nxf4 25.c4 Nd3+ 26.Bxd3 exd3 27.Rg1+ Kh8 
28.Qc3+ f6 29.Rd1 Be4 30.Rg3 Qe8 31.Kf1 Qh5 32.Kg1 Qh6 33.Ng4 Qf4 34.Qd2 
Qxd2 35.Rxd2 f5 36.Ne5 f4 37.Rg5 Rde8 38.f3 Bf5 39.Ng4 Re1+ 40.Kf2 Rc1 41.
Ne5 Rc2 42.Rxc2 dxc2 43.Rg1 h6 44.b4 Kh7 45.Nc6 Rc8 46.b5 Bd3 47.Rc1 Bxc4 
48.Rxc2 Bxb5 49.Nd4 Rxc2+ 1/2-1/2

[Event "10th Essent op"]
[Site "Hoogeveen NED"]
[Date "2006.10.28"]
[Round "9.22"]
[White "Afek, Yochanan"]
[Black "Potze, Rudolf"]
[Result "1-0"]
[WhiteElo "2372"]
[BlackElo "2122"]
[EventDate "2006.10.20"]
[PlyCount "65"]

1.e4 c5 2.Nf3 Nc6 3.c3 d5 4.exd5 Qxd5 5.d4 cxd4 6.cxd4 e5 7.Nc3 Bb4 8.Bd2 
Bxc3 9.Bxc3 e4 10.Ne5 Nxe5 11.dxe5 Ne7 12.g3 O-O 13.Bg2 Bf5 14.O-O Rac8 
15.Qa4 b5 16.Qxa7 Nc6 17.Qe3 b4 18.Rfd1 Qc4 19.Be1 Nxe5 20.Qf4 Qb5 21.Bxe4
Bh3 22.Bxb4 Ng6 23.Bxg6 fxg6 24.Bxf8 Rxf8 25.Qd4 Kh8 26.Rd2 h6 27.a4 Qa6 
28.b4 Re8 29.b5 Qa8 30.Qd5 Qxa4 31.Rda2 Qb4 32.Ra8 Bc8 33.Qc6 1-0

[Event "10th Essent op"]
[Site "Hoogeveen NED"]
[Date "2006.10.28"]
[Round "9.23"]
[White "Archangelsky, Mikhail"]
[Black "Bednar, Jaromir"]
[Result "1/2-1/2"]
[WhiteElo "2270"]
[BlackElo "2369"]
[EventDate "2006.10.20"]
[PlyCount "37"]

1.d4 c6 2.c4 d6 3.Nf3 Nd7 4.Nc3 e5 5.e4 Ngf6 6.Be2 Be7 7.O-O Qc7 8.Re1 O-O
9.Rb1 a6 10.b4 Re8 11.Bf1 Bf8 12.a3 b6 13.Qb3 Bb7 14.d5 cxd5 15.cxd5 Rac8 
16.Bd2 Qb8 17.Rbc1 Rc7 18.Bd3 Rec8 19.Ne2 1/2-1/2

[Event "10th Essent op"]
[Site "Hoogeveen NED"]
[Date "2006.10.28"]
[Round "9.24"]
[White "Van der Elburg, Freddie"]
[Black "Ly, Moulthun"]
[Result "0-1"]
[WhiteElo "2359"]
[BlackElo "2274"]
[EventDate "2006.10.20"]
[PlyCount "86"]

1.c4 g6 2.g3 Bg7 3.Bg2 c5 4.Nc3 Nc6 5.a3 e6 6.b4 Nxb4 7.axb4 cxb4 8.d4 
bxc3 9.e3 Ne7 10.Ne2 d5 11.Ba3 dxc4 12.Qa4+ Qd7 13.Qxc4 b5 14.Qxc3 Bb7 15.
Bxb7 Qxb7 16.O-O O-O 17.Bc5 Rfc8 18.Qa3 Nd5 19.Qa6 Rcb8 20.Rfb1 Bf8 21.Ra5
Qxa6 22.Rxa6 Rb7 23.e4 Nc7 24.Ra5 f5 25.f3 a6 26.Nc3 Rab8 27.Rb4 e5 28.
Bxf8 exd4 29.Rxd4 Rxf8 30.Na2 Ne6 31.Rd6 Ng5 32.exf5 Nxf3+ 33.Kg2 Rxf5 34.
Nb4 Rbf7 35.Nd3 Re7 36.Nf4 Ne1+ 37.Kh3 Re3 38.Rd4 Nc2 39.Rd8+ Kg7 40.Nd5 
Rd3 41.Rd7+ Kh6 42.Nf6 Rxd7 43.Nxd7 Ne3 0-1